| Tag |
First Indicator |
Second Indicator |
Subfields |
| LEADER |
00000cam a2200000 i 4500 |
| 001 |
in00004160921 |
| 008 |
190218r20201901nyu 000 f eng c |
| 005 |
20250318222124.5 |
| 010 |
|
|
|a 2019007318
|
| 020 |
|
|
|a 9780486838373
|
| 020 |
|
|
|a 0486838374
|
| 035 |
|
|
|a (OCoLC)on1089841333
|
| 035 |
|
|
|a (OCoLC)1089841333
|
| 040 |
|
|
|a LBSOR/DLC
|b eng
|e rda
|c DLC
|d BDX
|d YDX
|d OCLCF
|d DLC
|d UtOrBLW
|
| 042 |
|
|
|a pcc
|
| 043 |
|
|
|a n-us-nc
|
| 050 |
0 |
0 |
|a PS1292.C6
|b M3 2020
|
| 082 |
0 |
0 |
|a 813/.3
|2 23
|
| 100 |
1 |
|
|a Chesnutt, Charles W.
|q (Charles Waddell),
|d 1858-1932,
|e author.
|0 http://id.loc.gov/authorities/names/n79138741
|
| 245 |
1 |
4 |
|a The marrow of tradition /
|c Charles W. Chesnutt.
|
| 250 |
|
|
|a Dover edition.
|
| 264 |
|
1 |
|a Mineola, New York :
|b Dover Publications, Inc.,
|c 2020.
|
| 300 |
|
|
|a xii, 227 pages ;
|c 21 cm.
|
| 336 |
|
|
|a text
|b txt
|2 rdacontent
|
| 337 |
|
|
|a unmediated
|b n
|2 rdamedia
|
| 338 |
|
|
|a volume
|b nc
|2 rdacarrier
|
| 490 |
1 |
|
|a Dover thrift editions
|
| 520 |
|
|
|a "A landmark in the history of African-American fiction, this gripping 1901 novel was among the first literary challenges to racial stereotypes. Its tragic history of two families unfolds against the backdrop of the post-Reconstruction South and climaxes with a race riot based on an actual 1898 incident. One of America's first great African-American novelists, Charles W. Chesnutt (1858-1932) exposed the harsh dimensions of Southern prejudice before and after the Civil War. Powerful and passionate, his novels present richly imagined characters, both black and white, striving to make better lives for themselves"--
|c Provided by publisher.
|
| 500 |
|
|
|a "This Dover edition, first published in 2020, is an unabridged republication of the work originally printed by Houghton Mifflin and Company, Boston and New York, in 1901. The publisher's note consists of biographical material on the author excerpted from Joan Sherman's introduction to Charles W. Chesnutt's Tales of Conjure and the Color Line: 10 Stories (Dover Publications, Inc., 1998), as well as historical background on The Marrow of Tradition."
|
| 650 |
|
0 |
|a Racially mixed people
|v Fiction.
|0 http://id.loc.gov/authorities/subjects/sh2008110346
|
| 651 |
|
0 |
|a Wilmington (N.C.)
|v Fiction.
|
| 650 |
|
0 |
|a African Americans
|v Fiction.
|0 http://id.loc.gov/authorities/subjects/sh2007100196
|
| 650 |
|
0 |
|a Race relations
|v Fiction.
|0 http://id.loc.gov/authorities/subjects/sh2008110343
|
| 650 |
|
0 |
|a Riots
|v Fiction.
|0 http://id.loc.gov/authorities/subjects/sh2010111061
|
| 650 |
|
7 |
|a African Americans.
|2 fast
|0 (OCoLC)fst00799558
|
| 650 |
|
7 |
|a Race relations.
|2 fast
|0 (OCoLC)fst01086509
|
| 650 |
|
7 |
|a Racially mixed people.
|2 fast
|0 (OCoLC)fst01086595
|
| 650 |
|
7 |
|a Riots.
|2 fast
|0 (OCoLC)fst01098069
|
| 651 |
|
7 |
|a North Carolina
|z Wilmington.
|2 fast
|0 (OCoLC)fst01210117
|
| 655 |
|
7 |
|a Fiction.
|2 fast
|0 (OCoLC)fst01423787
|
| 830 |
|
0 |
|a Dover thrift editions.
|0 http://id.loc.gov/authorities/names/n88502738
|
| 852 |
8 |
|
|b pda,print
|z This title is available for the library to purchase for your use. Click the "Purchase It For Me" button to place a request. This item may take 5-10 business days to arrive.
|
| 955 |
|
|
|a Print PDA title
|
| 961 |
|
|
|m 565730
|
| 999 |
f |
f |
|s b2f3e7ac-d13d-4070-8d05-d134e5947604
|i 74eff4c4-a52a-3add-be3c-dd354461062e
|t 0
|
| 952 |
f |
f |
|a Texas A&M University
|b College Station
|c Sterling C. Evans Library
|d Purchase on Demand
|t 0
|e PS1292.C6 M3 2020
|h Library of Congress classification
|
| 998 |
f |
f |
|a PS1292.C6 M3 2020
|t 0
|l Purchase on Demand
|